Statistiques concernant Chaîne de mots - Tennis

Cliquez ici pour prendre le quiz!

Statistiques générales

  • Ce quiz a été pris 10 325 fois
  • Le résultat moyen est 12 sur 22

Statistiques - réponses

IndiceRéponse% Correct
Espagnol prénommé RafaelNadal
100%
Ville où se joue le tournoi de
Roland-Garros
Paris
92%
Opposé du coup droitRevers
92%
Sœur de Venus WilliamsSerena
90%
Quand la balle touche le filet avant de
tomber lors d'un service
Let
89%
Coup puissant frappé au-dessus de la
tête
Smash
78%
Par opposition au serveurReceveur
77%
Pays de Zverev ou de Becker
Allemagne
74%
Vainqueur du plus grand nombre de
Grand Chelem dans les années 2000
Federer
74%
Équivalent masculin de "WTA"ATP
72%
Joueur français le plus titré de l'HistoireNoah
65%
Capitale recevant les Masters juste
après Madrid
Rome
53%
Surnommé "Pistol Pete"Sampras
48%
Partie cordée d'une raquetteTamis
41%
Première russe à remporter Wimbledon
Sharapova
35%
Joueuse belge ayant remporté 43 titres
Hénin
34%
Joueuse allemande et femme d'Agassi
Graf
32%
Coup entre les jambesTweener
28%
Australien devenu numéro 1 mondial à
20 ans
Hewitt
26%
Quadruple vainqueur de la coupe Davis
avec la Suède
Edberg
17%
Spécialiste de la terre battueTerrien
15%
Elle détient le plus grand pourcentage
de victoires
Evert
9%

Distribution des résultats

Percentile par nombre de réponses

% des personnes avec chaque résultat

Votre développement - résultats

Vous n’avez pas pris ce quiz